Terrorism in Action (Record no. 315689)

000 -LEADER
fixed length control field 00290 a2200121 4500
001 - CONTROL NUMBER
control field 80616
082 ## - DEWEY DECIMAL CLASSIFICATION NUMBER
Classification number 303.62522 IQB
090 ## - LOCALLY ASSIGNED LC-TYPE CALL NUMBER (OCLC); LOCAL CALL NUMBER (RLIN)
-- 39680
-- 39680
100 ## - MAIN ENTRY--PERSONAL NAME
Personal name Iqbal S. Hussain, Dr
245 ## - TITLE STATEMENT
Title Terrorism in Action
260 ## - PUBLICATION, DISTRIBUTION, ETC.
Place of publication, distribution, etc. lahorre
Name of publisher, distributor, etc. Humanity International
Date of publication, distribution, etc. 2003
300 ## - PHYSICAL DESCRIPTION
Extent 382
942 ## - ADDED ENTRY ELEMENTS (KOHA)
Institution code [OBSOLETE] NUST-CAE
Call number prefix 303.62522 IQB
Holdings
Withdrawn status Lost status Damaged status Not for loan Collection code Permanent Location Current Location Date acquired Total Checkouts Full call number Barcode Date last seen Price effective from Koha item type
          College of Aeronautical Engineering (CAE) College of Aeronautical Engineering (CAE) 04/03/2017   303.62522 IQB CAEN-3399 04/05/2017 04/05/2017 Book
© 2023 Central Library, National University of Sciences and Technology. All Rights Reserved.